Dove giocava nel 2010-2011? - Quiz n°35 - Statistics

Statistiche generali
  • Questo quiz è stato fatto 29 volte
  • Il punteggio medio è 5 su 10
Statistiche sulle risposte
Hint Risposta % Corretto
Luis Suárez Ajax
71%
Mattia Perin Genoa
67%
Filipe Luís Atlético Madrid
62%
Casemiro San Paolo
62%
Mário Rui Fátima
57%
Danny Welbeck Sunderland
57%
Manolo Gabbiadini Cittadella
52%
Antoine Griezmann Real Sociedad
48%
Adam Lallana Southampton
38%
Marko Arnautović Werder Brema
33%
Nessun quiz corrispondente trovato
Distribuzione punteggi
Percentuale di utenti per punteggio
Percentile per numero di risposta
I tuoi punteggi nel tempo
Non hai fatto questo quiz